| 000 | 00377nam a2200157Ia 4500 | ||
|---|---|---|---|
| 008 | 221030s9999 xx 000 0 und d | ||
| 020 | _a9332586147 | ||
| 041 | _aEnglish | ||
| 100 | _aR. C. Hibbeler | ||
| 245 | 0 |
_aStructural Analysis _cby R. C. Hibbeler |
|
| 250 | _a9th | ||
| 260 |
_bPearson Education _aNew Delhi _c2018 |
||
| 300 | _a691 | ||
| 650 | _aCivil | ||
| 942 | _cBK | ||
| 999 |
_c17876 _d17876 |
||